000 00499nam a2200181Ia 4500
005 20250508152347.0
008 008 250505s9999 xx 000 0 eng d
037 _aTextual
040 _aFEDL
_beng
_cFEDL
041 _aeng
_2eng
084 _a607, ERI
_qFEDL
100 _aEricson Emanuel E
_991466
245 0 _aTeaching the industrial arts
260 _aPeoria
_bChas. A. Bennett Co. Publisher
_c1946
300 _a384p.
942 _cTEXL
_h607, ERI
999 _c1335912
_d1335912